00531nam a22001577a 450000500170000001000150001702000260003203500130005803700130007108200140008424501150009826000430021327000730025630000230032970000210035220150623122747.0 aENG-112864 c595.00a9789350352694 aEN-96396 bDBAD/PUB a347.54012 aJudicial activism in India :cedited by Lokendra Malikba festschrift in honour of justice V.R. Krishna Iyer / a DelhibUniversal Law Publishingc2013 aC-FF-1A, Dilkhush Industrial Estate G.T. Karnal Road,bDelhie110033 axl,391p.c25cm(Hb) aMalik, Lokendra